Word Ladder: Radio Show Quiz Stats

 Plays Quiz Updated Oct 15, 2012

Support Sporcle.
Go Orange.
Score 0/10 Timer 01:00
0 Plays Today
Hint 4-Letter Word % Correct
Not this, but _____THAT
93.6%
Bona _____FIDE
92.5%
Slaw or fries, e.g.* SIDE *
87.7%
Trig functionSINE
84.9%
Portable shelterTENT
80.5%
Milk sourceTEAT
74.6%
HueTINT
73.1%
Point of an antler?TINE
70.5%
Arthur Brown's #2 hit* FIRE *
64.4%
Talk informally* CHAT *
52.8%

Today's Daily Dose

You're not logged in!

Compare scores with friends on all Sporcle quizzes.
OR
Log In
Forgot?

From the Vault

Countries of the Americas Population Highs and Lows

by Carlwev

Today we're operating only on extremes.
Remove Ads.
Support Sporcle.
Get the best of Sporcle when you Go Orange. This ad-free experience offers more features, more stats, and more fun while also helping to support Sporcle. Thank you for becoming a member.

Show Comments

Extras

Top Quizzes Today


Score Distribution

Your Account Isn't Verified!

In order to create a playlist on Sporcle, you need to verify the email address you used during registration. Go to your Sporcle Settings to finish the process.

Report this User

Report this user for behavior that violates our Community Guidelines.

Details: